U.S. State by past Senators - Statistics

General Stats
  • This quiz has been taken 68 times
  • The average score is 14 of 15
Answer Stats
Senators State % Correct
Aaron Burr, James L. Buckley, Daniel Patrick Moynihan New York
98%
Claude Pepper, Connie Mack III, Bob Graham Florida
95%
Stephen Douglas, Everett Dirksen, Paul Simon Illinois
95%
Hugo Black, Howell Heflin, Jeff Sessions Alabama
93%
William Paterson, Harrison Williams, Bill Bradley New Jersey
93%
Albert Gallatin, John Heinz III, Arlen Specter Pennsylvania
93%
Andrew Johnson, Howard Baker, Albert Gore Tennessee
93%
Sam Houston, Lloyd Bensen, Phil Gramm Texas
93%
D. Henry Hatfield, Robert Byrd, Jay Rockefeller West Virginia
93%
Charles Sumner, Henry Cabot Lodge, Edward Brooke Massachusetts
91%
Ambrose Burnside, Claiborne Pell, John Chaffee Rhode Island
91%
Leland Stanford, George Murphy, S.I. Hayakawa California
86%
Thomas Hart Benton, Stuart Symington, John Ashcroft Missouri
84%
Henry DuPont, T. Coleman DuPont, J. Caleb Boggs Delaware
79%
Dennis Chavez, Joseph Montoya, Pete Domenici New Mexico
74%
No matching quizzes found
Score Distribution
Percent of People with Each Score
Percentile by Number Answered
Your Score History
You have not taken this quiz